LEADER 01184nam a2200277 u 4500 001 000000091549 003 CaOOAMICUS 005 20070226124837.0 008 060322s it u000 u ita u 020 $a8831101439 035 $a11082441 040 $aPUL$bita 100 1 $aForte, Bruno,$carciv. di Chieti-Vasto,$d1949-$0(OLS)http://pul/name/11848 245 10$aDialoghi sulla fede e la ricerca di Dio /$cBruno Forte, Vincenzo Vitiello. 260 $aRoma :$bCittà Nuova,$c2005. 300 $a136 p. ;$c20 cm 490 1 $aIdee.,$xFilosofia ;$v143 650 4$aTeologia e filosofia.$0(OLS)http://pul/subject/121 700 1 $aVitiello, Vincenzo,$d1935-$0(OLS)http://pul/name/38145 830 0$aIdee.$dFilosofia ;$v143.$0(OLS)http://pul/title/118149 850 $aPUL 852 $aPUL$W1$xSL Filosofia 2$y80$mPhil A15 143$j115292$nBK-PRI$b $qStampati altre collocazioni$B115292$CPULBib$Z2$F115292 $HPUL100450 $81 941 1 $a10 996 $6020$a8831101439$9(OLS)http://pul/number/120037 996 $6245$aDialoghi sulla fede e la ricerca di Dio$9(OLS)http://pul/title/118148 996 $6260$aRoma :$bCittà Nuova$9(OLS)http://pul/publisher/47927 LEADER 01377nam a2200289 u 4500 001 000000060914 003 CaOOAMICUS 005 20070226120951.0 008 010803s1998 it u000 u ita u 035 $a10899655 040 $aPUL(R)$bita 100 1 $aKorzeniowski, Ireneusz,$d1964-$0(OLS)http://pul/name/26695 245 10$aFede e atto di fede in Louis Billot :$buna ricognizione storico-teologica /$cauctor Ireneusz Korzeniowski. 260 $aRomae :$b[s.n.],$c1998. 300 $a67 p. ;$c25 cm 500 $aIn testa al front.: "Pontificia Universitas Gregoriana. Facultas Theologiea [sic!]". 500 $a"Excerpta ex dissertatione ad doctoratum". 502 $aDiss. (Doct.) -- Pontificia Universitas Gregoriana. Facultas theologiae. 504 $aBibliografia: p. [58]-65. 600 14$aBillot, Louis,$cS.I.,$d1846-1931.$0(OLS)http://pul/subject/21776 710 2 $aPontificia Università Gregoriana.$bFacoltà di teologia.$0(OLS)http://pul/name/13773 850 $aPUL 852 $aPUL$W1$xDP1 Tesi Pon. Univ. Gregoriana$y40$mTH PUG 4522$j79476$nBK-PRI$b $qTesi$B79476$CPULBib$Z2$F79476 $H $81 941 1 $a16 961 $aINV: 83861 996 $6245$aFede e atto di fede in Louis Billot :$buna ricognizione storico-teologica$9(OLS)http://pul/title/69717 996 $6260$aRomae :$b[s.n.]$9(OLS)http://pul/publisher/48223